000 00727nam a2200169Ia 4500
008 090711s9999 xx 000 0 und d
082 _b1106
100 _aबापट ब. गं. / कुलकर्णी दिलीप
245 _aवैदिक गणित (भाग Sाौथा-बीजगणित)
260 _c2000
300 _a128
600 _aबापट ब. गं. / कुलकर्णी दिलीप
630 _aवैदिक गणित (भाग Sाौथा-बीजगणित)
700 _aबापट ब. गं. / कुलकर्णी दिलीप
730 _aवैदिक गणित (भाग Sाौथा-बीजगणित)
942 _cBOOK
999 _c338110
_d338110